How much s an ecosystem worth ? Assessing the economic value of conversion (Record no. 42507)

MARC details
000 -LEADER
fixed length control field 00343nam a2200121Ia 4500
020 ## - INTERNATIONAL STANDARD BOOK NUMBER
ISBN 0821363786
082 ## - DEWEY DECIMAL CLASSIFICATION NUMBER
Classification number 581.5:33
Item number WOR
245 #0 - TITLE STATEMENT
Title How much s an ecosystem worth ? Assessing the economic value of conversion
260 ## - PUBLICATION, DISTRIBUTION, ETC. (IMPRINT)
Place of publication Washington
Year of publication 2005
650 ## - SUBJECT ADDED ENTRY--TOPICAL TERM
Topical Term Ecosystem services
942 ## - ADDED ENTRY ELEMENTS (KOHA)
Koha item type Books
Holdings
Withdrawn status Lost status Damaged status Not for loan Home library Current library Date acquired Full call number Accession Number Koha item type
        RRII Library RRII Library 16/12/2021 581.5:33 WOR 22779 Books